[Event "Tromsoe CC-ch"]
[Site "Tromsoe"]
[Date "2013.09.19"]
[Round "1"]
[White "Turov, Maxim"]
[Black "Jessen, Simon Pind"]
[Result "1-0"]
[WhiteElo "2552"]
[BlackElo "1958"]
[PlyCount "35"]
[EventDate "2013.09.19"]
[EventType "swiss"]
[EventRounds "9"]
[EventCountry "NOR"]
[SourceTitle "EXT 2024"]
[Source "ChessBase"]
[SourceDate "2023.10.10"]
[SourceVersion "1"]
[SourceVersionDate "2023.10.10"]
[SourceQuality "1"]

1. d4 d5 2. c4 c6 3. Nc3 e6 4. e4 dxe4 5. Nxe4 Nf6 6. Nxf6+ Qxf6 7. Nf3 Bb4+ 8. Bd2 Qe7 9. Bd3 Nd7 10. 0-0 Bxd2 11. Qxd2 Nf6 12. Rfe1 Bd7 13. Ne5 0-0 14. Re3 Rad8 15. Rg3 Ne8 16. Rh3 h6 17. Ng4 Qg5 18. Nxh6+ 1-0

[Event "Tromsoe Arctic NGP-A"]
[Site "Tromsoe"]
[Date "2013.08.18"]
[Round "6"]
[White "Sjol, Henrik"]
[Black "Jessen, Simon Pind"]
[Result "1/2-1/2"]
[WhiteElo "1871"]
[BlackElo "2105"]
[PlyCount "47"]
[EventDate "2013.08.16"]
[EventType "swiss"]
[EventRounds "7"]
[EventCountry "NOR"]
[SourceTitle "CBM 156 Extra"]
[Source "ChessBase"]
[SourceDate "2013.10.22"]
[SourceVersion "1"]
[SourceVersionDate "2013.10.22"]
[SourceQuality "1"]

1. d4 d5 2. Nf3 Nf6 3. c4 c6 4. Nc3 dxc4 5. a4 Bf5 6. e3 e6 7. Bxc4 Be7 8. 0-0 0-0 9. Qe2 Re8 10. Bd2 Qc7 11. a5 Bb4 12. Nb1 Bd6 13. g3 Bg4 14. Kg2 c5 15. dxc5 Qxc5 16. h3 Bxf3+ 17. Kxf3 Nbd7 18. Kg2 Ne5 19. b3 Ne4 20. Rc1 Nxc4 21. Rxc4 Qb5 22. Qd3 Nxd2 23. Nxd2 Be5 24. Raa4 1/2-1/2

[Event "Tromsoe Spring"]
[Site "Tromsoe"]
[Date "2012.03.29"]
[Round "5"]
[White "Jessen, Simon Pind"]
[Black "Roksvold, Jan"]
[Result "1/2-1/2"]
[WhiteElo "1874"]
[BlackElo "1650"]
[PlyCount "62"]
[EventDate "2012.03.29"]
[EventType "swiss"]
[EventRounds "5"]
[EventCountry "NOR"]
[SourceTitle "EXT 2024"]
[Source "ChessBase"]
[SourceDate "2023.10.10"]
[SourceVersion "1"]
[SourceVersionDate "2023.10.10"]
[SourceQuality "1"]

1. d4 f5 2. c4 e6 3. Nf3 Nf6 4. g3 b6 5. Bg2 Bb7 6. 0-0 Be7 7. Nc3 0-0 8. a3 Ne4 9. Qc2 Nxc3 10. Qxc3 Bf6 11. Qb3 Be4 12. Be3 Qe7 13. Rfe1 d6 14. Rac1 c5 15. d5 e5 16. Bh3 Bxf3 17. exf3 g6 18. Qc2 Nd7 19. g4 fxg4 20. fxg4 Bg5 21. Qd2 Bxe3 22. Qxe3 g5 23. Bg2 Rf4 24. h3 Raf8 25. Rc2 R8f6 26. b4 h5 27. gxh5 Qf7 28. Bf1 Qxh5 29. Be2 Qh7 30. Bd3 Qh5 31. Be2 Qh7 1/2-1/2

[Event "Tromsoe Nordlyssjakken op"]
[Site "Tromsoe"]
[Date "2010.03.04"]
[Round "5"]
[White "Stensen, Vegard"]
[Black "Jessen, Simon Pind"]
[Result "0-1"]
[WhiteElo "1438"]
[BlackElo "2082"]
[PlyCount "33"]
[EventDate "2010.03.04"]
[EventType "swiss"]
[EventRounds "5"]
[EventCountry "NOR"]
[SourceTitle "EXT 2012"]
[Source "ChessBase"]
[SourceDate "2011.11.24"]
[SourceVersion "1"]
[SourceVersionDate "2011.11.24"]
[SourceQuality "1"]

1. e4 e5 2. Bc4 Nf6 3. d3 d5 4. exd5 Nxd5 5. Nf3 Nc6 6. 0-0 Nb6 7. Nbd2 Nxc4 8. Nxc4 f6 9. Nh4 Be6 10. Qh5+ Bf7 11. Qg4 Qd4 12. Qxd4 Nxd4 13. Ne3 g6 14. Bd2 0-0-0 15. Kh1 Be7 16. f4 exf4 17. Rxf4 0-1

[Event "Tromsoe CC-ch"]
[Site "Tromsoe"]
[Date "2009.??.??"]
[Round "7"]
[White "Grundekjon, Christian S"]
[Black "Jessen, Simon Pind"]
[Result "1/2-1/2"]
[WhiteElo "1434"]
[BlackElo "1952"]
[PlyCount "160"]
[EventDate "2009.09.17"]
[EventType "swiss"]
[EventRounds "9"]
[EventCountry "NOR"]
[SourceTitle "EXT 2024"]
[Source "ChessBase"]
[SourceDate "2023.10.10"]
[SourceVersion "1"]
[SourceVersionDate "2023.10.10"]
[SourceQuality "1"]

1. c4 Nf6 2. Nc3 d5 3. cxd5 Nxd5 4. e4 Nxc3 5. bxc3 c5 6. Nf3 g6 7. Bc4 Bg7 8. 0-0 0-0 9. a4 Nc6 10. Ba3 Na5 11. Bd5 e6 12. Ba2 b6 13. Qc2 Ba6 14. Rfe1 Bd3 15. Qd1 Qc7 16. Bb1 Rfd8 17. Re3 Ba6 18. Qc2 Rd7 19. Ba2 Rad8 20. Rd1 Bd3 21. Qb2 Qc6 22. Rde1 Qxa4 23. g4 Nc4 24. Bxc4 Bxc4 25. h4 Rd3 26. Kg2 Qc6 27. Qb1 f5 28. gxf5 gxf5 29. Nd4 cxd4 30. Rxd3 fxe4 31. Rg3 e3+ 32. f3 exd2 33. Rg1 Kh8 34. Rxg7 Kxg7 35. Qb4 Qc5 36. cxd4 Qxb4 37. Bxb4 e5 38. Bxd2 exd4 39. f4 Kf7 40. Kf3 Bd5+ 41. Ke2 Be4 42. Rg5 Re8 43. h5 Kf6 44. h6 Bg6+ 45. Kf3 Re6 46. Bb4 a5 47. Bf8 Bc2 48. Bg7+ Kf7 49. Bxd4 Rxh6 50. Rg7+ Kf8 51. Rb7 Rh3+ 52. Ke2 b5 53. Kd2 b4 54. Kxc2 h5 55. Rb5 Rf3 56. Be5 h4 57. Rxa5 b3+ 58. Kb2 Kf7 59. Ra7+ Kg6 60. Rg7+ Kf5 61. Rg5+ Ke6 62. Rh5 h3 63. Rh4 Kf5 64. Rh5+ Ke6 65. Bb8 Kf6 66. Rh8 Kf5 67. Rf8+ Kg4 68. Rf7 Kg3 69. f5+ Kg2 70. Rg7+ Kf2 71. Rg5 Ke3 72. Kxb3 Ke4+ 73. Kc2 Rxf5 74. Rg4+ Kd5 75. Rh4 Rf3 76. Kd2 Ke6 77. Ke2 Rb3 78. Bf4 Kf5 79. Be3 Kg6 80. Rxh3 Kf5 1/2-1/2

[Event "Arctic Chess Challenge"]
[Site "Tromsoe"]
[Date "2007.08.07"]
[Round "4"]
[White "Jessen, Simon Pind"]
[Black "Royset, Pal"]
[Result "1-0"]
[WhiteElo "2070"]
[BlackElo "2261"]
[PlyCount "56"]
[EventDate "2007.08.04"]
[EventType "swiss"]
[EventRounds "9"]
[EventCountry "NOR"]
[SourceTitle "CBM 119 Extra"]
[Source "ChessBase"]
[SourceDate "2007.09.04"]
[SourceVersion "1"]
[SourceVersionDate "2007.09.04"]
[SourceQuality "1"]

1. d4 Nf6 2. c4 e6 3. Nf3 c5 4. Nc3 cxd4 5. Nxd4 Bb4 6. Bd2 0-0 7. e3 d5 8. Qb3 Ba5 9. cxd5 Nxd5 10. Rd1 Nc6 11. Nxc6 bxc6 12. Be2 Qh4 13. Qa4 Nxe3 14. Qxa5 Nxg2+ 15. Kf1 Qh3 16. Kg1 Nh4 17. Qg5 e5 18. Qg3 f6 19. Bh6 Ng6 20. Be3 Rb8 21. Bc5 Re8 22. Bc4+ Kh8 23. Bf7 Nh4 24. Rd3 Qxg3+ 25. hxg3 Ba6 26. Rd1 Nf3+ 27. Kg2 Ng5 28. Bxe8 Rxe8 1-0

[Event "Tromsoe Bymesterskap-A"]
[Site "Tromsoe"]
[Date "2007.01.16"]
[Round "1"]
[White "Royset, Pal"]
[Black "Jessen, Simon Pind"]
[Result "1-0"]
[WhiteElo "2142"]
[BlackElo "1966"]
[PlyCount "73"]
[EventDate "2007.01.16"]
[EventType "swiss"]
[EventRounds "7"]
[EventCountry "NOR"]
[SourceTitle "EXT 2010"]
[Source "ChessBase"]
[SourceDate "2010.11.25"]
[SourceVersion "1"]
[SourceVersionDate "2010.11.25"]
[SourceQuality "1"]

1. d4 d5 2. c4 c6 3. Nc3 Nf6 4. Nf3 Nbd7 5. cxd5 cxd5 6. Bf4 e6 7. Qa4 Be7 8. Nb5 0-0 9. Bc7 Qe8 10. Rc1 Ne4 11. e3 Ndf6 12. Ne5 a6 13. Qa5 Nd7 14. f3 Bh4+ 15. g3 h6 16. Qa3 Be7 17. Qb3 Nxe5 18. Bxe5 axb5 19. fxe4 Bd7 20. exd5 exd5 21. Bg2 Be6 22. 0-0 Ra4 23. h4 Rb4 24. Qc2 Rc4 25. Qb1 b6 26. b3 Rxc1 27. Rxc1 Ba3 28. Rc7 f6 29. Bf4 Rf7 30. Qg6 Qd8 31. Rc6 Qd7 32. Rc7 Qe8 33. Bxh6 Bf5 34. Qxf7+ Qxf7 35. Rxf7 Kxf7 36. Bxd5+ Ke7 37. Bxg7 1-0

[Event "Politiken Cup 24th"]
[Site "Copenhagen"]
[Date "2002.07.25"]
[Round "10"]
[White "Jessen, Simon Pind"]
[Black "Holm Pedersen, Sejer"]
[Result "1/2-1/2"]
[WhiteElo "2074"]
[BlackElo "2321"]
[PlyCount "81"]
[EventDate "2002.07.15"]
[EventType "swiss"]
[EventRounds "11"]
[EventCountry "DEN"]
[SourceTitle "CBM 089 Extra"]
[Source "ChessBase"]
[SourceDate "2002.09.10"]
[SourceVersion "2"]
[SourceVersionDate "2002.09.10"]
[SourceQuality "1"]

1. Nf3 Nf6 2. g3 c5 3. Bg2 d5 4. 0-0 Nc6 5. d4 e6 6. Re1 cxd4 7. Nxd4 Bc5 8. e3 0-0 9. b3 Qe7 10. Bb2 Rd8 11. Nd2 e5 12. Nxc6 bxc6 13. Nf3 Bd6 14. Qc1 Bg4 15. Nd2 e4 16. a4 Qe6 17. c4 Rac8 18. Bd4 Bb4 19. Bc3 Bf8 20. Qb2 Nd7 21. b4 Rb8 22. cxd5 cxd5 23. Reb1 Be2 24. Nxe4 Bd3 25. Ng5 Qf5 26. Rd1 a5 27. b5 Nc5 28. Nf3 Bc4 29. Nd4 Qg6 30. Nc6 Nxa4 31. Rxa4 Rxb5 32. Nxd8 Rxb2 33. Bxb2 Qc2 34. Raa1 Qxb2 35. Rxa5 Bb3 36. Rda1 g6 37. Nc6 Bc5 38. Rf1 Qc3 39. Ra8+ Kg7 40. Na5 Ba2 41. Nb7 1/2-1/2

[Event "Politiken Cup 24th"]
[Site "Copenhagen"]
[Date "2002.07.23"]
[Round "8"]
[White "Jessen, Simon Pind"]
[Black "Brondum, Eric"]
[Result "1/2-1/2"]
[WhiteElo "2074"]
[BlackElo "2219"]
[PlyCount "48"]
[EventDate "2002.07.15"]
[EventType "swiss"]
[EventRounds "11"]
[EventCountry "DEN"]
[SourceTitle "CBM 089 Extra"]
[Source "ChessBase"]
[SourceDate "2002.09.10"]
[SourceVersion "2"]
[SourceVersionDate "2002.09.10"]
[SourceQuality "1"]

1. d4 d6 2. c4 g6 3. Nf3 Bg7 4. Nc3 Nf6 5. Bg5 0-0 6. Qc2 c6 7. e3 a6 8. a4 a5 9. Be2 Na6 10. Nd2 Nb4 11. Qb3 h6 12. Bh4 Be6 13. 0-0 Ne8 14. Na2 Nxa2 15. Qxa2 f5 16. Qb3 Rb8 17. d5 Bf7 18. Rab1 g5 19. Bg3 Nf6 20. Qd3 Bg6 21. f4 Qe8 22. b3 c5 23. Rbe1 Kh7 24. Bf3 g4 1/2-1/2